Butterflies / (Record no. 4343)

MARC details
000 -LEADER
fixed length control field 01110cam a22003614a 4500
001 - CONTROL NUMBER
control field 4343
003 - CONTROL NUMBER IDENTIFIER
control field FISKH
005 - DATE AND TIME OF LATEST TRANSACTION
control field 20241218122445.0
008 - FIXED-LENGTH DATA ELEMENTS--GENERAL INFORMATION
fixed length control field 000222s2000 nyua b 000 0 eng
010 ## - LIBRARY OF CONGRESS CONTROL NUMBER
LC control number 00025925
020 ## - INTERNATIONAL STANDARD BOOK NUMBER
International Standard Book Number 0448419661 (pb)
020 ## - INTERNATIONAL STANDARD BOOK NUMBER
International Standard Book Number 0448422808 (GB)
020 ## - INTERNATIONAL STANDARD BOOK NUMBER
International Standard Book Number 9780439264389
040 ## - CATALOGING SOURCE
Original cataloging agency DLC
Transcribing agency DLC
Modifying agency DLC
Language of cataloging eng
050 ## - LIBRARY OF CONGRESS CALL NUMBER
Classification number QL544.N49
082 ## - DEWEY DECIMAL CLASSIFICATION NUMBER
Classification number 595.789
100 1# - MAIN ENTRY--PERSONAL NAME
Personal name Neye, Emily.
245 10 - TITLE STATEMENT
Title Butterflies /
Statement of responsibility, etc. by Emily Neye ; illustrated by Ron Broda.
250 ## - EDITION STATEMENT
Edition statement This edition first printing, April 2013
260 ## - PUBLICATION, DISTRIBUTION, ETC.
Place of publication, distribution, etc. New York :
Name of publisher, distributor, etc. Scholastic,
Date of publication, distribution, etc. 2000
300 ## - PHYSICAL DESCRIPTION
Extent 32 pages :
Other physical details color illustrations ;
Dimensions 23 cm
490 ## - SERIES STATEMENT
Series statement Penguin Yung Readers
Volume/sequential designation Level 2
505 ## - FORMATTED CONTENTS NOTE
Formatted contents note J<br/>
520 ## - SUMMARY, ETC.
Summary, etc. Describes the appearance, life cycle, habits, habitat, and winter migration of butterflies.
521 ## - TARGET AUDIENCE NOTE
Target audience note 460<br/>
Source Lexile<br/>
521 ## - TARGET AUDIENCE NOTE
Target audience note J<br/>
Source Raz-Plus<br/>
650 #0 - SUBJECT ADDED ENTRY--TOPICAL TERM
Topical term or geographic name entry element Butterflies
Form subdivision Juvenile literature.
650 #1 - SUBJECT ADDED ENTRY--TOPICAL TERM
Topical term or geographic name entry element Butterflies.
700 1# - ADDED ENTRY--PERSONAL NAME
Personal name Broda, Ron,
Relator term illustrator
906 ## - LOCAL DATA ELEMENT F, LDF (RLIN)
a 7
b cbc
c orignew
d 1
e ocip
f 20
g y-gencatlg
942 ## - ADDED ENTRY ELEMENTS (KOHA)
Source of classification or shelving scheme Dewey Decimal Classification
Koha item type Books
Suppress in OPAC No
Holdings
Withdrawn status Lost status Source of classification or shelving scheme Damaged status Not for loan Collection Home library Current library Shelving location Date acquired Total Checkouts Full call number Barcode Date last seen Date last checked out Copy number Price effective from Koha item type
    Dewey Decimal Classification     Non-Fiction Footprints International School Library Network Toul Kork Campus Footprints International School Library Network Toul Kork Campus TK Primary Library Room(4th Floor), Bookcase 1&2, Shelves 1-16, Dark Blue Books 07/31/2024 4 NEY 595.789 QL544.N49 FISTK01325 02/26/2026 02/13/2026 1 07/31/2024 Books
    Dewey Decimal Classification     Non-Fiction Footprints International School Library Network Toul Kork Campus Footprints International School Library Network Toul Kork Campus TK Primary Library Room(4th Floor), Bookcase 1&2, Shelves 1-16, Dark Blue Books 07/31/2024   NEY 595.789 QL544.N49 FISBK02712 12/18/2024   2 07/31/2024 Books